• 首页
  • 本馆介绍
  • 公告通知
  • 最新文献
  • 馆藏检索
  • 电子资源
  • 读者导购
  • 参考咨询
  • 我的图书馆
  • 登录
  • 详细信息显示
  • 放入我的书架
  • 预约/预借图书
  • 作者相关作品
  • 分类相关作品
  • 丛书相关作品
  • 出版社相关作品

书目信息

  • 表格格式
  • 工作单格式
  • 卡片格式
题名:
走近健康 拥抱快乐
    
 
作者: 吕南坡 , 朱守华 , 刘翠莲 , 刘曦 曦编
分册:  
出版信息: 北京   九州出版社  2012.8
页数: 226页
开本: 24cm
丛书名:
单 册:
中图分类: G478.2-62
科图分类:
主题词: 教师--保健--指南
电子资源:
ISBN: 978-7-5108-1620-8
000 00866nam0 2200265 45
001 012001004112
005 20130128085923.0
010    @a978-7-5108-1620-8@dCNY29.80
100    @a20181019d2012 em y0chiy0110 ea
101 0  @achi
102    @aCN@b110000
105    @ay z 000yy
106    @ar
200 1  @a走近健康 拥抱快乐@9zou jin jian kang   yong bao kuai le@f吕南坡,朱守华,刘翠莲,刘曦编
210    @a北京@c九州出版社@d2012.8
215    @a226页@d24cm
330    @a本书主要介绍了教师职业的特点与职业性损害的表现、原因与预防的对策方法。内容丰富,资料翔实,分析精当。
606 0  @a教师@x保健@x指南
690    @aG478.2-62@v5
701  0 @a吕南坡@9lv nan po@4曦编
701  0 @a朱守华@9zhu shou hua@4曦编
701  0 @a刘翠莲@9liu cui lian@4曦编
701  0 @a刘曦@9liu xi@4编
801  0 @aCN@b江苏凤凰@c20191020
905    @b1219444-7@dG478.2-62@e172@f4
    
    走近健康 拥抱快乐/吕南坡,朱守华,刘翠莲,刘曦编.-北京:九州出版社,2012.8
    226页;24cm
    
    
    ISBN 978-7-5108-1620-8:CNY29.80
    本书主要介绍了教师职业的特点与职业性损害的表现、原因与预防的对策方法。内容丰富,资料翔实,分析精当。
●
相关链接 在E读中查询图书 在五车中查询图书 在当当中查询图书 在豆瓣中查询图书


正题名:走近健康 拥抱快乐     索取号:G478.2-62/172         预约/预借

序号 登录号 条形码 馆藏地/架位号 状态 备注
1 1219444   212194445   第一样本阅览室/ [索取号:G478.2-62/172] 在馆    
2 1219445   212194454   教育系资料室/ [索取号:G478.2-62/172] 在馆    
3 1219446   212194463   教育系资料室/ [索取号:G478.2-62/172] 在馆    
4 1219447   212194472   第四借阅区/ [索取号:G478.2-62/172] 在馆    
唐山师范学院图书馆 欢迎您!
大连网信软件有限公司© 版权所有